Language Quiz

Random Language or Letter Quiz

Three Letter 'J' Words Quiz Stats

Quiz Updated Jun 26, 2016

Challenge
Share
Tweet
Embed
Score 0/22 Timer 02:00
12 Plays Today
% Correct
jam
95.5%
jab
94.4%
jar
91.9%
jag
88.5%
jaw
87.8%
jet
87.1%
jay
79.6%
job
78.7%
jot
74.7%
jib
74.3%
jig
73.1%
% Correct
jog
71.4%
jin
66.5%
jut
62.8%
joe
62.4%
jug
60.7%
joy
60.5%
jow
52.3%
jee
51.6%
jun
44.8%
jus
41.8%
jeu
37.6%

You're not logged in!

Compare scores with friends on all Sporcle quizzes.
Sign Up with Email
OR
Log In

You Might Also Like...

Show Comments

Extras

Top Quizzes Today


Score Distribution

Your Account Isn't Verified!

In order to create a playlist on Sporcle, you need to verify the email address you used during registration. Go to your Sporcle Settings to finish the process.